Jogadores por Nacionalidade - Statistics

Estatísticas Gerais
  • Esse quiz foi jogado 99 vezes
  • A pontuação média é 23 de 29
Estatísticas das Respostas
Jogador País % Correto
Romário Brasil
100%
Son Heung-min Coreia do Sul
99%
Bruno Fernandes Portugal
98%
Sergio Aguero Argentina
97%
Chales Puyol Espanha
95%
Harry Kane Inglaterra
95%
Robin Van Persie Países Baixos
95%
Sadio Mané Senegal
94%
Eden Hazard Belgica
90%
Alexis Sánchez Chile
89%
Diego Forlán Uruguai
89%
Yeferson Soteldo Venezuela
85%
Carlos Valderrama Colombia
84%
Oleksandr Zinchenko Ucrania
84%
Ferenc Puskás Hungria
82%
Edin Džeko Bosnia e Hezergovina
77%
Roy Keane Irlanda
77%
Javier Hernández Mexico
77%
Robert Arboleda Equador
76%
Pavel Nedvěd Republica Tcheca
76%
David Alaba Austria
75%
Wataru Endo Japão
71%
Kostas Manolas Grecia
70%
George Weah Liberia
68%
Kenny Dalglish Escocia
66%
Jay-Jay Okocha Nigeria
66%
Michael Essien Gana
57%
Jackson Irvine Australia
43%
Edmond Tapsoba Burquina Faso
33%
Nenhum quiz correspondente encontrado
Distribuição das Pontuações
Porcentagem de Pessoas com Cada Pontuação
Percentil de Números Respondidos
Sua Pontuação Histórica
Você não jogou esse quiz